00852nam a2200253 a 450000100060000000300090000600800410001502000180005604000280007404100080010208200140011010000230012424501350014725000110028226000370029330000110033050000410034165000350038265000260041765000280044365000290047165000480050070000500054825867CO-ViMGA141112s2004 ck r 000 u spa d a9789589342459 aCO-ViMGAbspacCO-ViMGA aSPA04a027.4 L311 aMejía, Juan Luis10aEl libro blanco del bibliotecario público / cJuan Luis Mejía... [et al.] ; traducción Santiago Ochoa y Orlando Santamaría a1a ed. aBogotá : bFudalectura, c2013 a224 p. aIncluye referencias bibliográficas14aADMINISTRACION DE BIBLIOTECAS 14aBIBLIOTECAS PUBLICAS 14aBIBLIOTECAS Y COMUNIDAD14aPROMOCION DE LA LECTURA 14aSERVICIOS DE INFORMACION PARA LA COMUNIDAD 1 aSantamaría Vergara, Orlando Ochoa, Santiago